| 000 | 01091cam a22003255a 4500 | ||
|---|---|---|---|
| 001 | 14298378 | ||
| 003 | OSt | ||
| 005 | 20140310184445.0 | ||
| 008 | 060314s2006 nyu 000 0 eng | ||
| 010 | _a 2006923848 | ||
| 020 | _a0439376130 | ||
| 020 | _a0439376149 (alk. paper) | ||
| 040 |
_aDLC _cDLC _dDLC |
||
| 042 | _apcc | ||
| 050 |
_aPZ 7 _b .P6314Pre 2006 |
||
| 100 | 1 |
_aPilkey, Dav, _d1966- _927702 |
|
| 245 | 1 | 0 |
_aCaptain Underpants and the preposterous plight of the purple potty people / _cDav Pilkey. |
| 260 |
_aNew York : _bScholastic, _c2006. |
||
| 263 | _a0609 | ||
| 300 |
_a172 cm. _bill. ; |
||
| 521 | _aG6 | ||
| 526 | _c850 | ||
| 650 |
_aFiction _xJuvenile literature _930103 |
||
| 856 | 4 | 2 |
_3Publisher description _uhttp://www.loc.gov/catdir/enhancements/fy1116/2006923848-d.html |
| 856 | 4 | 2 |
_3Contributor biographical information _uhttp://www.loc.gov/catdir/enhancements/fy1207/2006923848-b.html |
| 906 |
_a0 _bibc _corignew _d2 _eepcn _f20 _gy-gencatlg |
||
| 942 |
_2lcc _cBK-SCHOLAS |
||
| 999 |
_c34509 _d34509 |
||